000 01199naa a22003257a 4500
001 BR7908059
003 BR-BrBNA
005 20240918174519.0
007 ta
008 230509b bl.||||| |||| 00| 0 por d
040 _aBR-BrBNA
_bpor
_cBiblioteca Nacional de Agricultura
041 _a(Pt)
072 _aA50; F00
_b0150
_bG514
090 _aA50 BR7908059
100 1 _aSteinmetz, S.
100 1 _aStone, L.F.
100 1 _aAquino, A.R.L. de
111 1 _a1. Reuniao de Tecnicos em Rizicultura do Estado de Sao Paulo
_cCampinas, SP (Brazil)
_d5 Mar 1979
245 1 _aO programa nacional de pesquisas com arroz e suas perspectivas [Brasil]
260 3 _aCampinas, SP (Brasil):
_c1979.
500 _aAnais da 1. Reuniao de Tecnicos em Rizicultura do Estado de Sao Paulo Campinas, SP (Brasil): 1979. p. 9-19 (BR7908059-AM)A50
650 _aARROZ
650 _aPROGRAMA DE PESQUISA
650 _aPRODUTIVIDADE
650 _aVARIEDADE RESISTENTE
650 _aPESQUISA AGRICOLA
773 0 _tAnais da 1. Reuniao de Tecnicos em Rizicultura do Estado de Sao Paulo
_wA50 BR7908059
_gCampinas, SP (Brasil), 1979. p. 9-19
909 _a202404
_bLucia
_c55
_dLucia Elande
942 _cAM
_2AGRIS
999 _c311710
_d311710